000 00305nam a22001457a 4500
008 210308b ||||| |||| 00| 0 eng d
020 _a9780683061338
041 _aeng
080 _23th
_a611
082 _23th
_a611
100 _a7
101 _aANA
245 _aAnatomy
_cMoore,L.K
942 _2udc
_cBK
999 _c55946
_d55946